NFL Highest Passing Yards per Game - Statistics

General Stats
  • This quiz has been taken 590 times
  • The average score is 12 of 25
Answer Stats
YPG Player % Correct
253.1 Tom Brady
98%
230.1 Eli Manning
93%
265.6 Peyton Manning
93%
270.1 Drew Brees
88%
254.8 Aaron Rodgers
82%
237.9 Brett Favre
72%
253.6 Dan Marino
71%
240.4 Philip Rivers
68%
235 Ben Roethlisberger
58%
243 Matt Ryan
56%
284.6 Matthew Stafford
48%
258.8 Kurt Warner
44%
237.1 Warren Moon
44%
241.5 Carson Palmer
37%
223.2 Donovan Mcnabb
36%
247.5 Cam Newton
33%
237.8 Dan Fouts
31%
221.7 Jim Kelly
31%
230 Daunte Culpepper
28%
230 Drew Bledsoe
28%
229.2 Jay Cutler
25%
237.3 Trent Green
10%
223.3 Sam Bradford
9%
237.6 Marc Bulger
7%
227.4 Josh Freeman
5%
No matching quizzes found
Score Distribution
Percent of People with Each Score
Percentile by Number Answered
Your Score History
You have not taken this quiz